| 000 | 00876nam a2200229 a 4500 | ||
|---|---|---|---|
| 005 | 20160816123603.0 | ||
| 008 | 140221t1998 bo a||||r|||| 00| 0 spa d | ||
| 040 |
_aCO-BoIAVH _cCO-BoIAVH |
||
| 041 | 0 | _aspa | |
| 044 | _abo | ||
| 082 | 0 | 4 |
_a333.95416 _bR86e |
| 100 | 1 |
_aRumiz, Damián _eautor |
|
| 245 | 1 | 3 |
_aLa evaluación de la fauna silvestre y su conservación en bosques de producción de Bolivia / _cDamián Rumiz y José Carlos Herrera |
| 260 |
_aSanta Cruz : _bBOLFOR, _c1998. |
||
| 300 |
_a72 páginas : _bilustraciones ; _c21 x 15 cm. |
||
| 650 | 2 | 6 |
_aFauna _xconservación _zBolivia |
| 650 | 2 | 6 |
_aConservación de biodiversidad _zBolivia |
| 650 | 2 | 6 |
_aEcosistemas forestales _xconservación _zBolivia |
| 650 | 2 | 6 |
_aRecursos forestales _xconservación _zBolivia |
| 700 | 1 |
_aHerrera, José Carlos _eautor |
|
| 942 |
_cINFORME _2ddc |
||
| 999 |
_c653 _d653 |
||